000 01210cam a2200241 4500
001 WB@3612-534
008 040819n2004 000 0 eng u
035 _a(Sirsi) u127112
245 _aSurveyors information centre
260 _c2004
490 _aRICS News Service
_v13 August 2004 (1)
520 _aThe RICS has extensively updated isurv.co.uk, the surveyors online information centre. The site now has additional content in all of the areas of construction, commercial, environment and disputes, updated commentary in line with changes in legislation, more case summaries and improvements to functionality throughout. This online service is available by subscription. For a demonstration or further details contact t +44 (0)20 7695 1644, [email protected]. http://www.rics.org/ricscms/bin/show?class=News&te mplate=/includes/shownews.html&id=9677&faculty=RIC S
590 _aWB
590 _aWB
650 _aCONSTRUCTION SURVEYING
650 _aBUILT ENVIRONMENT-BUILDING INSPECTION
650 _aPROJECT MANAGEMENT
_96261
650 _aQuantity surveying
_96263
650 _aDISPUTE RESOLUTION
_96236
650 _aENVIRONMENT
_96238
690 _aINFORMATION MANAGEMENT
942 _n0
999 _c117871
_d117871